| 000 | 00587cam6a220021700 4500 | ||
|---|---|---|---|
| 001 | zam00002581 | ||
| 008 | 951128s1969 xx eng u | ||
| 035 | _a(Sirsi) r19934 | ||
| 035 | _a(MACHINE)SLC. | ||
| 100 |
_aBiebuyck, D. _6A81059.1 |
||
| 245 | 1 | 4 | _aThe Mwindo Epic. |
| 260 | _c1969. | ||
| 949 |
_aPL8593.M9 _wlcc _mMAIN _p2500 _tSHORTLOAN _lSHORTLOAN |
||
| 004 | 19934 | ||
| 591 | _aClass code: LAL 320. | ||
| 591 | _aCourse: African oral literature. | ||
| 591 | _aSchool: S05. | ||
| 591 | _aLecturer: Mr. MUNDIA, M.W. | ||
| 591 | _aNumber of Students: 53. | ||
| 909 | _aBook | ||
| 999 |
_c8375 _d8375 |
||